México: el neoliberalismo fracasa y la apertura comercial estalla /

Guardado en:
書目詳細資料
主要作者: Rey Romay, Benito
格式: Texto
主題:
標簽: 添加標簽
沒有標簽, 成為第一個標記此記錄!

MARC

LEADER 00000 a a2200000 04500
001 42237
003
040 |a CRAI/IIS  |c CRAI/IIS 
100 |a Rey Romay, Benito  
245 |a México:   |b el neoliberalismo fracasa y la apertura comercial estalla /  |c Benito Rey Romay  
650 |a ECONOMIA  
650 |a MEXICO  
650 |a COMERCIO INTERNACIONAL  
650 |a CRECIMIENTO ECONOMICO  
650 |a DEUDA EXTERNA  
650 |a FMI  
650 |a GOBIERNO  
650 |a ACUERDOS ECONOMICOS  
773 |g volumen26, número100 (1995), páginas 125-135  
999 |c 20059  |d 20059